| 000 | 00846cam a22001934a 4500 | ||
|---|---|---|---|
| 005 | 20250605164127.0 | ||
| 008 | 250528s ||||||||||||||||||||||||d | ||
| 035 | _a18484 | ||
| 020 | _a192880721 | ||
| 040 |
_aGR-AtMCL _bgre _dGR-AtMCL _eAACR2 |
||
| 245 | 1 | _aMathematics for the Curious | |
| 260 |
_bOxford University Press, _c1998 |
||
| 300 | _a232 | ||
| 520 | _aThis book provides clear explanations of the more mysterious features of childhood mathematics as well as novelties and connections to prove that mathematics can be enjoyable and full of surprises. Ten Questions and Their Answers, The Truth about Fractions, Some Geometry, Numbers, Algebra, More Questions Answered, Series, Change and Games of Change, The Golden Ratio, Networks, Index. | ||
| 700 | 1 |
_aHiggins Peter M _94744 |
|
| 942 | _cBK | ||
| 999 |
_c3844 _d3844 |
||